| 000 -LEADER | |
|---|---|
| fixed length control field | 00422nam a22001697a 4500 |
| 005 - DATE AND TIME OF LATEST TRANSACTION | |
| control field | 20160518124128.0 |
| 008 - FIXED-LENGTH DATA ELEMENTS--GENERAL INFORMATION | |
| fixed length control field | 160518b xxu||||| |||| 00| 0 eng d |
| 020 ## - INTERNATIONAL STANDARD BOOK NUMBER | |
| ISBN | 0-07-044555-9 |
| 041 ## - LANGUAGE CODE | |
| Language code of text/sound track or separate title | eng |
| 082 ## - DEWEY DECIMAL CLASSIFICATION NUMBER | |
| Item number | 2922 |
| 100 ## - MAIN ENTRY--AUTHOR NAME | |
| Personal name | Sharma R.C. & Mohan Krishna |
| 245 ## - TITLE STATEMENT | |
| Title | Business Correspondence & Report Writing |
| 260 ## - PUBLICATION, DISTRIBUTION, ETC. (IMPRINT) | |
| Place of publication | New Delhi |
| Name of publisher | TMH, |
| Year of publication | 2004 |
| 300 ## - PHYSICAL DESCRIPTION | |
| Number of Pages | 431 |
| 650 ## - SUBJECT ADDED ENTRY--TOPICAL TERM | |
| Topical Term | Management |
| 942 ## - ADDED ENTRY ELEMENTS (KOHA) | |
| Koha item type | Books |
| Lost status | Damaged status | Collection code | Home library | Current library | Shelving location | Date acquired | Full call number | Accession Number | Koha item type |
|---|---|---|---|---|---|---|---|---|---|
| Reference | JRU Library | SHELF-29-B | 18/05/2016 | 2922 | 2922 | Books | |||
| MANAGEMENT | JRU Library | JRU Library | SHELF-47-A | 18/05/2016 | 2922 | 2923 | Books | ||
| JRU Library | 18/05/2016 | 2922 | 2924 | Books | |||||
| LIFE SKILL | JRU Library | JRU Library | SHELF-47-A | 18/05/2016 | 2922 | 2925 | Books | ||
| MANAGEMENT | JRU Library | JRU Library | SHELF-71-F | 18/05/2016 | 2922 | 2926 | Books |